Представление документа в формате MARC21

ПолеНазваниеЗначение
  Тип записи a
  Библиографический уровень m
001 Контрольный номер RU\infra-m\znanium\bibl\2251864
005 Дата корректировки 20260429142058.6
008 Кодируемые данные 260401s2026 RU g rus u
040 Источник каталогиз. __
a Служба первич. каталог. Общество с ограниченной ответственностью «ЗНАНИУМ»
041 Код языка издания __
a Код языка текста rus
044 Код страны публикации __
a Код страны публикации RU
080 Индекс УДК __
a Индекс УДК 32
080 Индекс УДК __
a Индекс УДК 339
080 Индекс УДК __
a Индекс УДК 94
084 Индекс другой классификации/Индекс ББК __
2 Источник индекса rubbk
a Индекс другой классификации/Индекс ББК 633
084 Индекс другой классификации/Индекс ББК __
2 Источник индекса rubbk
a Индекс другой классификации/Индекс ББК 66
084 Индекс другой классификации/Индекс ББК __
2 Источник индекса rubbk
a Индекс другой классификации/Индекс ББК 664
245 Заглавие __
a Заглавие Вестник РГГУ. Серия «Евразийские исследования. История. Политология. Международные отношения», 2025, № 4
b Продолж. заглавия научный журнал; Журнал
250 Сведения об издании __
a Основные сведения об издании 1
260 Выходные данные __
a Место издания Москва
b Издательство Федеральное государственное бюджетное образовательное учреждение высшего профессионального образования "Российский государственный гуманитарный университет"
c Дата издания 2025
300 Физическое описание __
a Объем 148 с.
521 Примеч. о цел. назн. __
a Примеч. о целев. назн. ВО - Магистратура
650 Тематические рубрики __
a Основная рубрика Политика. Социология
x Основная подрубрика Международные отношения
655 Указ. предметных рубрик (устаревшее) __
a Жанр/ форма (устаревшее) Журнал
856 Электронный адрес документа 4_
a Имя сервера/домена znanium.ru
m Помощь ebs_support@infra-m.ru
n Местонахождение сервера НИЦ ИНФРА-М
u URL https://znanium.ru/catalog/document?id=481038
856 Электронный адрес документа 48
a Имя сервера/домена znanium.ru
d Путь /cover/2251
f Электронное имя 2251864.jpg
q Тип электронного формата image/jpeg
u URL https://znanium.ru/cover/2251/2251864.jpg
911 __
u 0030=https://znanium.ru/catalog/document?id=481038